La desconstrucción de la historia en Martes de Carnaval /

Furkejuvvon:
Bibliográfalaš dieđut
Váldodahkki: Cardona Cooper, Rodolfo, 1924-
Materiálatiipa: Dovdameahttun
Giella:Spanish
Fáttát:
Fáddágilkorat: Lasit fáddágilkoriid
Eai fáddágilkorat, Lasit vuosttaš fáddágilkora!

MARC

LEADER 000000000a22000000004500
001 009290
041 0 |a spa 
100 1 |a Cardona Cooper, Rodolfo,   |d 1924- 
245 1 3 |a La desconstrucción de la historia en Martes de Carnaval /   |c Rodolfo Cardona Cooper. 
310 |a semestral 
650 4 |a VALLE INCLAN, RAMON DEL, (1870-1936) 
650 4 |a CRITICAS 
773 0 |x 0377-628X  |d San José, Costa Rica : Editorial de la Universidad de Costa Rica  |t Revista de Filología y Lingüística de la Universidad de Costa Rica  |g volumen I, número extraordinario (1995), páginas 177-185 
942 |c ARC 
999 |c 15167  |d 15167